00711nam a2200157Ia 4500008004100000100002400041245006300065245017800128260005300306260001800359300000800377650001500385856006100400999001900461952007300480170221s9999 xx 000 0 und d aYuliya L. Kamasheva aFeatures of Vocational Education Management in the Region  cYuliya L. Kamasheva, Galina S. Goloshumova, Aleksey Y. Goloshumov, Svetlana G. Kashina, Natalya B. Pugacheva, Zemfira M. Bolshakova, Nadezhda N. Tulkibaeva, Fedor F. Timirov bInternational Review of Management and Marketing cDecember 2014 a6:2 xMarketing. uhttp://www.econjournals.com/index.php/irmm/issue/view/64 c310157d310157 001040aCLbCLd2017-02-21l0r2017-02-21 00:00:00w2017-02-21yFOJ